000 00479nam a2200169Ia 4500
005 20250424120307.0
008 250424s9999 xx 000 0 und d
022 _a25367803
050 _aK 60 .M5/
245 0 _aMiyetti quarterly law review
260 _aMaitama, Abuja
260 _bMiyetti reseach and pulications Ltd.
260 _c2016
300 _aix, 146 p. 23 cm.
650 _aAppraising the jurisdiction of the customary court of appeal in Nigeria
942 _cSR
999 _c38490
_d38490